Countries with embassies and consulates in Moldova - Statistics

General Stats
  • This quiz has been taken 104 times
  • The average score is 21 of 25
Answer Stats
Hint Answer % Correct
Europe United Kingdom
100%
North America United States of America
100%
Asia China
99%
Europe Romania
99%
Asia/ Europe Russia
99%
Europe Germany
98%
Asia/ Europe Turkey
98%
Europe France
94%
Asia Japan
93%
Europe Sweden
93%
Europe Ukraine
93%
Europe Bulgaria
92%
Europe Poland
90%
Europe Italy
88%
Europe Austria
84%
Europe Hungary
81%
Europe Latvia
81%
Europe Belarus
79%
Asia Georgia
79%
Europe Lithuania
79%
Europe Czech Republic
78%
Asia Azerbaijan
76%
Europe Slovakia
74%
Asia Kazakhstan
62%
Asia Qatar
38%
No matching quizzes found
Score Distribution
Percent of People with Each Score
Percentile by Number Answered
Your Score History
You have not taken this quiz